Elements of discrete mathematics : (Record no. 55162)
[ view plain ]
| 000 -LEADER | |
|---|---|
| fixed length control field | 00934nam a2200289 a 4500 |
| 001 - CONTROL NUMBER | |
| control field | 55162 |
| 003 - CONTROL NUMBER IDENTIFIER | |
| rucl marc code | BD-RjUL |
| 005 - DATE AND TIME OF LATEST TRANSACTION | |
| control field | 20211209080226.0 |
| 008 - FIXED-LENGTH DATA ELEMENTS--GENERAL INFORMATION | |
| fixed length control field | 161114r20082011ii a|||| |||| 001 0 eng d |
| 020 ## - INTERNATIONAL STANDARD BOOK NUMBER | |
| International Standard Book Number | 9780070669130 |
| International Standard Book Number | 0070669139 |
| 035 ## - SYSTEM CONTROL NUMBER | |
| System control number | (BD-RjUL)55284 |
| 040 ## - CATALOGING SOURCE | |
| Original cataloging agency | BD-RjUL |
| Language of cataloging | eng |
| Transcribing agency | BD-RjUL |
| 041 ## - LANGUAGE CODE | |
| Language code of text/sound track or separate title | eng |
| 082 ## - DEWEY DECIMAL CLASSIFICATION NUMBER | |
| Edition number | 23 |
| Classification number | 511.1 |
| Author mark and year | LIE 2008-2011 |
| 100 1# - MAIN ENTRY--PERSONAL NAME | |
| Personal name | Liu, Chung Laung |
| 9 (RLIN) | 164378 |
| 245 10 - TITLE STATEMENT | |
| Title | Elements of discrete mathematics : |
| Remainder of title | a computer oriented aproach / |
| Statement of responsibility, etc. | Chung Laung Liu ; Durga Prasad Mohapatra |
| 250 ## - EDITION STATEMENT | |
| Edition statement | 3rd ed. , Special Indian ed. |
| 260 ## - PUBLICATION, DISTRIBUTION, ETC. (IMPRINT) | |
| Place of publication, distribution, etc. | New Delhi : |
| Name of publisher, distributor, etc. | Tata McGraw-Hill, |
| Date of publication, distribution, etc. | 2008[Reprint 2011] |
| 300 ## - PHYSICAL DESCRIPTION | |
| Pagination | xviii, 547 p. : |
| Illustrations | ill. ; |
| Size | 23 cm. |
| 500 ## - GENERAL NOTE | |
| General note | Includes index |
| 650 ## - SUBJECT ADDED ENTRY--TOPICAL TERM | |
| Topical term or geographic name as entry element | Mathematics. |
| 9 (RLIN) | 164379 |
| Topical term or geographic name as entry element | Algebra, Abstract. |
| 9 (RLIN) | 164644 |
| Topical term or geographic name as entry element | Combinatorial analysis. |
| 9 (RLIN) | 164645 |
| 700 ## - ADDED ENTRY--PERSONAL NAME | |
| Personal name | Mohapatra, Durga Prasad, jt. auth. |
| 942 ## - ADDED ENTRY ELEMENTS (KOHA) | |
| Source of classification or shelving scheme | Dewey Decimal Classification |
| Koha item type | Books |
| Lost status | Source of classification or shelving scheme | Damaged status | Not for loan | Collection code | Permanent Location | Current Location | Shelving location | Date acquired | Source of acquisition | Cost, normal purchase price | Total Checkouts | Full call number | Date last seen | Date checked out | Copy number | Koha item type |
|---|---|---|---|---|---|---|---|---|---|---|---|---|---|---|---|---|
| Dewey Decimal Classification | Non-fiction | Central Library, University of Rajshahi | Central Library, University of Rajshahi | 19/01/2009 | Dhaka, Paragon Enterprises Ltd. | 199.00 | 1 | 511.1 LIE 2008 | 16/05/2017 | 03/05/2017 | C-2 | Books | ||||
| Dewey Decimal Classification | Not For Loan | Non-fiction | Central Library, University of Rajshahi | Central Library, University of Rajshahi | Reading Room | 26/06/2013 | Dhaka, Paragon Enterprises Ltd. | 504.00 | 511.1 LIE 2011 | 10/10/2019 | C-1 | Books |